| 000 | 00351nam a22001337a 4500 | ||
|---|---|---|---|
| 003 | OSt | ||
| 005 | 20260115165615.0 | ||
| 008 | 260115b |||||||| |||| 00| 0 eng d | ||
| 040 | _cfms | ||
| 100 |
_aBerk(J) _dDemarzo(P) _9875986 |
||
| 245 | _aFumdamentals of Corporate Finance | ||
| 300 | _aFundamentals of corporate Finance | ||
| 942 |
_2CC _cTB _e3 _n0 |
||
| 999 |
_c1474593 _d1474593 |
||